000 00599nam a22002417a 4500
003 UA-OsUOA
001 53105
007 ta
008 20080318b un ||||| |||| 00| 0 ukr d
100 _aМойсеєнко І. П.
090 _a330.322(075.8)
_bМ74
942 _cBK
040 _aUA-OsUOA
_bukr
_cUA-OsUOA
_dUA-OsUOA
245 _aІнвестування
_bНавчальний посібник
300 _a490 с.
955 _a2
041 _aukr
080 _a330.322(075.8)
020 _a966-346-097-0
260 _aК.
_bЗнання
_c2006
650 7 _2UDC
999 _c339189
_d339189